Loading...
| Auditory Arts | 4 | 22.50 | 100% | 100% | 25% |
| Beliefs | 5 | 8.00 | 80% | 0% | 0% |
| Current Events | 1 | 30.00 | 100% | 100% | 100% |
| Fine Arts - Other Arts | 5 | 10.00 | 80% | 20% | 0% |
| Geography | 1 | 20.00 | 100% | 100% | 0% |
| History - American History | 6 | 11.67 | 67% | 17% | 33% |
| History - Ancient History | 2 | 15.00 | 100% | 50% | 0% |
| History - European History | 6 | 10.00 | 83% | 17% | 0% |
| History - Other History | 2 | 15.00 | 50% | 100% | 0% |
| History - World History | 2 | 10.00 | 100% | 0% | 0% |
| Literature - American Literature | 4 | 17.50 | 100% | 75% | 0% |
| Literature - British Literature | 6 | 15.00 | 100% | 50% | 0% |
| Literature - European Literature | 8 | 15.00 | 88% | 63% | 0% |
| Literature - World Literature | 6 | 10.00 | 100% | 0% | 0% |
| Philosophy | 5 | 12.00 | 80% | 40% | 0% |
| Science - Biology | 3 | 10.00 | 100% | 0% | 0% |
| Science - Chemistry | 5 | 20.00 | 100% | 80% | 20% |
| Science - Other Science | 4 | 17.50 | 75% | 75% | 25% |
| Science - Physics | 5 | 20.00 | 100% | 100% | 0% |
| Social Science | 6 | 18.33 | 100% | 83% | 0% |
| Visual Arts | 5 | 18.00 | 100% | 80% | 0% |